000 00766nam a2200241Ia 4500
003 OSt
005 20221005035232.0
006 a|||||r|||| 00| 0
007 ta
008 221004b |||||||| |||| 00| 0 eng d
020 _a8185216456
_cINR 3000.00
024 _a45402
037 _b111756, 09/02/2018, International Book Distributors
_cTextual
040 _aCRL
_cCRL
_beng
041 _2eng
_aeng
082 _a2
100 _aRamesh B. Ed.
_9588076
245 0 _a57th all India library conference proceedings
_b knowledge society
260 _aDelhi
_bIndian Library Association
_c2012
650 _aGeneral Books
_937993
942 _h2
_cTEXL
_2cc
999 _c944777
_d944777